International Political Economics

Uložené v:
Podrobná bibliografia
Hlavný autor: Frey, Bruno S.
Médium: Kniha
Jazyk:English
Vydavateľské údaje: New York Basil Blackwell 1986
Vydanie:1. ed.
Predmet:
Tagy: Pridať tag
Žiadne tagy, Buďte prvý, kto otaguje tento záznam!

MARC

LEADER 00000nam a2200000 4500
001 c002427
005 20221220073507.4
020 |a 0-631-15014-5 
041 0 |a eng 
044 |a US 
245 1 0 |a International Political Economics  |c Bruno S. Frey 
250 |a 1. ed. 
264 1 |a New York  |b Basil Blackwell  |c 1986 
300 |a 183 s. 
610 2 0 |a ekonómia politická 
610 2 0 |a hospodárstvo svetové 
610 2 0 |a clá 
610 2 0 |a protekcionizmus 
610 2 0 |a investície zahraničné 
610 2 0 |a pomoc medzinárodná 
610 2 0 |a vojna obchodná 
610 2 0 |a spolupráca hospodárska medzinárodná 
610 2 0 |a organizácie medzinárodné 
100 1 |a Frey, Bruno S.